The effect of earthworm (Lumbricus terrestris) and fertilizer on the growth of Portulaca (Portulaca oleracea) seeds / (Record no. 98708)
[ view plain ]
| 000 -LEADER | |
|---|---|
| fixed length control field | 00782nam a2200217 a 4500 |
| 003 - CONTROL NUMBER IDENTIFIER | |
| control field | 0 |
| 005 - DATE AND TIME OF LATEST TRANSACTION | |
| control field | 20250210094600.0 |
| 008 - FIXED-LENGTH DATA ELEMENTS--GENERAL INFORMATION | |
| fixed length control field | 120717s19uu xx 00 eng d |
| 050 ## - LIBRARY OF CONGRESS CALL NUMBER | |
| Classification number | PGS QK 898.N6 |
| Item number | .L477 2012 |
| 100 ## - MAIN ENTRY--PERSONAL NAME | |
| Personal name | Lee, Yoo Jung. |
| 245 ## - TITLE STATEMENT | |
| Title | The effect of earthworm (Lumbricus terrestris) and fertilizer on the growth of Portulaca (Portulaca oleracea) seeds / |
| Statement of responsibility, etc | Yoo Jung Lee. |
| 260 ## - PUBLICATION, DISTRIBUTION, ETC. (IMPRINT) | |
| Name of publisher, distributor, etc | SISC, |
| Place of publication, distribution, etc | Las Pinas City : |
| Date of publication, distribution, etc | 2012. |
| 300 ## - PHYSICAL DESCRIPTION | |
| Extent | 25 pages : |
| Other physical details | illustrations ; |
| Dimensions | 28 cm. |
| 500 ## - GENERAL NOTE | |
| General note | 6 Perseverance AY 2011-2012 |
| 504 ## - BIBLIOGRAPHY, ETC. NOTE | |
| Bibliography, etc | Includes bibliographical references. |
| 650 ## - SUBJECT ADDED ENTRY--TOPICAL TERM | |
| Topical term or geographic name as entry element | Soil fertility |
| Form subdivision | Biological aspects. |
| 650 ## - SUBJECT ADDED ENTRY--TOPICAL TERM | |
| Topical term or geographic name as entry element | Earthworms |
| Form subdivision | Soil influence. |
| 650 ## - SUBJECT ADDED ENTRY--TOPICAL TERM | |
| Topical term or geographic name as entry element | Fertilizers |
| Form subdivision | Effect on plants. |
| 650 ## - SUBJECT ADDED ENTRY--TOPICAL TERM | |
| Topical term or geographic name as entry element | Plant-soil relationships. |
| 942 ## - ADDED ENTRY ELEMENTS (KOHA) | |
| Source of classification or shelving scheme | Library of Congress Classification |
| Koha item type | PASS |
| Withdrawn status | Lost status | Source of classification or shelving scheme | Damaged status | Home library | Current library | Shelving location | Date acquired | Source of acquisition | Total Checkouts | Full call number | Barcode | Date last seen | Price effective from | Koha item type |
|---|---|---|---|---|---|---|---|---|---|---|---|---|---|---|
| Library of Congress Classification | Luxembourg Library | Luxembourg Library | Portfolio Assessment of SISC Students Section | 07/17/2012 | Donation | PGS QK 898.N6 .L477 2012 | P2809 | 04/08/2014 | 04/08/2014 | PASS |